| 000 | 01436nam a2200373 a 4500 | ||
|---|---|---|---|
| 001 | 000115076 | ||
| 003 | CHAP | ||
| 005 | 20220329144513.0 | ||
| 008 | 180927s2018 mx a sm |||||||spa d | ||
| 010 | _a111537 | ||
| 011 | _a112509 | ||
| 040 | _cCHAP | ||
| 090 | _aTesis | ||
| 100 | 1 |
_aQuintero Patiño, José María. _9135890 |
|
| 245 | 1 | 0 |
_aContribución de los brotes basales al rendimiento de tomate de cáscara (Physalis ixocarpa Brot. ex Horm.) / _h[En línea] _cpor José María Quintero Patiño. |
| 260 |
_aChapingo, Méx. : _bEl autor, _c2018. |
||
| 500 | _aPara ver el contenido del material haga clic en la liga | ||
| 502 | _aTesis (Ing. Agr. Esp. en Fitotecnia) -- UACH. Departamento de Fitotecnia | ||
| 590 |
_aBATCH-UPD _b10 _c20190603 _lUCH01 _h1310 |
||
| 590 |
_aE11695DGD _b10 _c20190603 _lUCH01 _h1309 |
||
| 590 |
_aE8697GMM _b05 _c20180927 _lUCH01 _h1116 |
||
| 590 |
_aE8697GMM _b05 _c20180927 _lUCH01 _h1119 |
||
| 590 |
_aE8697GMM _b05 _c20180928 _lUCH01 _h1305 |
||
| 590 |
_aE8697GMM _b05 _c20181130 _lUCH01 _h1127 |
||
| 590 |
_aE8697GMM _b05 _c20190516 _lUCH01 _h1343 |
||
| 650 | 1 | 4 |
_aTomate verde _xCrecimiento. _9113804 |
| 650 | 1 | 4 |
_aTomate verde _xEfecto del medio ambiente. _9113807 |
| 650 | 1 | 4 |
_aTomate verde _xPropagación. _9113831 |
| 650 | 1 | 4 |
_aTomate verde _xRendimiento. _9113834 |
| 856 |
_aFinding aid _uhttp://10.13.5.2/tesis/sist115076.pdf _zTeclea aquí |
||
| 901 | _aBK | ||
| 942 | _cTESIS | ||
| 942 | _n0 | ||
| 999 |
_c111537 _d111537 |
||